Nearest cities in Great Britain to Ireland - Statistics

General Stats
  • This quiz has been taken 98 times
    82 since last reset
  • The average score is 5 of 10
Answer Stats
Rank Distance City % Correct
10 206km Liverpool
93%
3 126km Glasgow
77%
8 178km Swansea
65%
9 202km Edinburgh
63%
5 167km Carlisle
43%
1 80km St. Davids
39%
4 127km Bangor
36%
2 175km Lancaster
33%
7 174km St. Asaph
24%
6 168km Stirling
24%
No matching quizzes found
Score Distribution
Percent of People with Each Score
Percentile by Number Answered
Your Score History
You have not taken this quiz since the last reset